Classement militaire des pays du monde - Statistiques

Statistiques générales
  • Ce quiz a été pris 77 fois
  • Le résultat moyen est 13 sur 15
Statistiques - réponses
Classement Pays % Correct
1 Etats-Unis
100%
6 France
100%
2 Russie
100%
8 Royaume-Uni
97%
3 Chine
96%
4 Inde
94%
7 Japon
94%
10 Italie
90%
12 Allemagne
85%
11 Brésil
82%
5 Corée du Sud
81%
14 Pakistan
67%
15 Israël
63%
9 Turquie
58%
13 Indonésie
47%
Aucun quiz correspondant
Distribution des résultats
% des personnes avec chaque résultat
Percentile par nombre de réponses
Votre historique - résultats
Vous n’avez pas pris ce quiz